Największe miasta w Czechach zawierające literę - Statystyki

Ogólne statystyki
  • Ten quiz został rozwiązany 212 razy
  • Średni wynik to 17 z 31
Statystyki odpowiedzi
Litera Miasto % Poprawnych
A Praga
99%
G Praga
99%
P Praga
99%
R Praga
99%
S Ostrawa
88%
T Ostrawa
88%
W Ostrawa
88%
B Brno
86%
N Brno
86%
O Brno
86%
I Pilzno
66%
L Pilzno
66%
Z Pilzno
66%
C Ołomuniec
58%
E Ołomuniec
58%
Ł Ołomuniec
58%
M Ołomuniec
58%
U Ołomuniec
58%
H Hradec Králové
47%
V Hradec Králové
47%
J Czeskie Budziejowice
44%
K Czeskie Budziejowice
44%
D Czeskie Budziejowice
40%
Ą Uście nad Łabą
30%
Ś Uście nad Łabą
30%
F Frydek-Mistek
21%
Y Frydek-Mistek
21%
Ó Hawierzów
4%
Ż Kromieryż
3%
Ń Mariańskie Łaźnie
3%
Ź Mariańskie Łaźnie
3%
Nie znaleziono quizów pasujących do podanych kryteriów
Rozkład punktacji
Procent ludzi z każdym wynikiem
Percentyl według liczby udzielonych odpowiedzi
Twoja historia wyników
Nie rozwiązałeś tego quizu